1084 1381 1307 1242 1195 1624 1423 1352 1280 1624 1085 1470 1696 1702 1040 1567 1621 1998 1085 1602 1295 1466 1756 1351 1959 1250 1127 1861 1495 1605 1005 1660 1120 1554 1897 1486 1382 1910 1771 1174 1235 1774 1143 1184 1197 1174 1962 1830 1492 1287 1539 1581 1726 1059 1751 1226 1658 1348 1634 1440 1323 1034 1450 1366 1246 1331 1427 1706 1403 1650 1999 1140 1876 1458 1022 1340 1513 1630 1237 1906 1650 1268 1149 1230 1740 1706 1756 1394 1336 1139 1750 1704 1854 1226 1329 1575 1369 1056 1818 BCNSPRNW ULIB Ver.6.0+V

เปลี่ยนเป็นภาษาไทย

Change to English
 แสดงรายละเอียดบรรณานุกรม
  กลับหน้าหลัก

Brief Record : Get Marc (ISO 2709) : E-mail record : QR code < ปิดหน้าต่าง
LEADER : 00000nam 2200000uu 4500
001    13399111873
003     ULIB
008    110711s2546||||th 000 0 tha d
020    9743381961 (2546)
050 04 DS589N4^bน127ส 2546
245 00 สมุดรายงานสถิติจังหวัดนครสวรรค์ =^bStatistical reports of changwat Nakhon Sawan /^cสำนักงานสถิติแห่งชาติ
260    กรุงเทพฯ :^bสำนักงานสถิติแห่งชาติ,^c2546
300    125 หน้า ;^c30 ซม
500    มีคำบรรยายภาษาอังกฤษ
590    ห้องสมุดมี: 2516-
650  7 คมนาคม^zไทย^zนครสวรรค์
650  7 เกษตรกรรม^zไทย^zนครสวรรค์
651  7 นครสวรรค์^xภาวะเศรษฐกิจ
651  7 นครสวรรค์^xอุตสาหกรรม
651  7 นครสวรรค์^xประชากร
651  7 นครสวรรค์^xสถิติ
710 2  สำนักงานสถิติแห่งชาติ
740 0  Statistical reports of changwat Nakhon Sawan
945    ^p0^l0^i016444
995    ทศพร
999 ^a ใช้งานได้ทุกระบบ
รายการนี้ยังไม่มีแท็ก
คุณยังไม่ได้ล็อกอิน คุณสามารถมีกิจกรรมร่วมกับเว็บไซต์ได้ แต่ต้องล็อกอินก่อน ::
  ล็อกอิน

รายการสื่อสารสนเทศ

ลำดับที่ ประเภท เลขเรียก/บาร์โค้ด สถานที่ สถานะ
- ไม่พบข้อมูล -

BibComment


ยังไม่เคยถูกคอมเมนท์

คอมเมนท์ทรัพยากรรายการนี้
  คอมเมนท์: สมุดรายงานสถิติจั..


 Copyright 2026. Bcnsprnw @Library